000 00687nam a2200253Ia 4500
003 OSt
005 20221006151034.0
006 a|||||r|||| 00| 0
007 ta
008 221006b |||||||| |||| 00| 0 jpn d
020 _cY2890
024 _a20,730
037 _bGift, Japan Foundation
_cTextual
040 _aEASL
_cEASL
_bjpn
041 _2jpn
_ajpn
082 _aX65.42.N90, N1
100 _aJETRO Ed.
_9658161
245 0 _aSekai to Nihon no kaigai chokusetsu toshi
260 _aTokyo
_bJETRO
_c1991
300 _a482p.
_ccm.
650 _aJL
942 _hX65.42.N90, N1
_cTEXL
_2CC
999 _c1088816
_d1088816